| 000 | 00768nam a22002295i 4500 | ||
|---|---|---|---|
| 001 | 162122 | ||
| 003 | ES-MaACL | ||
| 005 | 20230906212431.0 | ||
| 008 | 041103s1862 fr |||| | fre d | ||
| 080 | _a272-732.2:321 | ||
| 080 | _a327(44:450)"18" | ||
| 080 | _a327(450:44)"18" | ||
| 100 | 1 |
_aPietri, Pierre-Marie. _9131155 |
|
| 245 | 1 | 0 |
_aPolitique française et question italienne / _cpar Pietri. |
| 250 | _aNouvelle éd. | ||
| 260 |
_aParis : _bE. Dentu, _c1862. |
||
| 300 |
_a47 p. ; _c23 cm. |
||
| 650 | 4 |
_aPapas- _xPoder temporal. _9153316 |
|
| 651 | 4 |
_aFrancia- _xRelaciones- _zItalia. _9173509 |
|
| 651 | 4 |
_aItalia- _xRelaciones- _zFrancia. _9173510 |
|
| 852 | 4 |
_aES-MaACL _jT-77-F-14 _z- Enc. hol., falto de cub. original _z- Enc. en un vol. facticio |
|
| 999 |
_c162122 _d162122 |
||